Statistics for 日本の簡易裁判所

Click here to take the quiz!

General Stats

  • This quiz has been taken 270 times
  • The average score is 220 of 438

Answer Stats

管轄高裁% Correct
札幌高裁管内札幌簡易裁判所
93%
札幌高裁管内稚内簡易裁判所
90%
札幌高裁管内旭川簡易裁判所
90%
仙台高裁管内青森簡易裁判所
88%
札幌高裁管内函館簡易裁判所
88%
仙台高裁管内仙台簡易裁判所
86%
札幌高裁管内釧路簡易裁判所
86%
仙台高裁管内八戸簡易裁判所
85%
札幌高裁管内帯広簡易裁判所
85%
札幌高裁管内根室簡易裁判所
85%
名古屋高裁管内津簡易裁判所
84%
札幌高裁管内小樽簡易裁判所
84%
仙台高裁管内秋田簡易裁判所
83%
仙台高裁管内いわき簡易裁判所
83%
仙台高裁管内福島簡易裁判所
82%
仙台高裁管内郡山簡易裁判所
82%
仙台高裁管内盛岡簡易裁判所
82%
仙台高裁管内会津若松簡易裁判所
81%
仙台高裁管内弘前簡易裁判所
81%
東京高裁管内水戸簡易裁判所
81%
仙台高裁管内山形簡易裁判所
81%
札幌高裁管内苫小牧簡易裁判所
81%
東京高裁管内横浜簡易裁判所
80%
東京高裁管内川崎簡易裁判所
80%
東京高裁管内東京簡易裁判所
79%
札幌高裁管内室蘭簡易裁判所
79%
東京高裁管内八王子簡易裁判所
78%
東京高裁管内高崎簡易裁判所
78%
東京高裁管内宇都宮簡易裁判所
78%
東京高裁管内前橋簡易裁判所
78%
仙台高裁管内石巻簡易裁判所
77%
名古屋高裁管内伊勢簡易裁判所
76%
東京高裁管内土浦簡易裁判所
76%
仙台高裁管内花巻簡易裁判所
76%
東京高裁管内静岡簡易裁判所
76%
東京高裁管内千葉簡易裁判所
76%
札幌高裁管内網走簡易裁判所
76%
仙台高裁管内米沢簡易裁判所
75%
東京高裁管内新潟簡易裁判所
75%
名古屋高裁管内名古屋簡易裁判所
75%
大阪高裁管内京都簡易裁判所
75%
仙台高裁管内宮古簡易裁判所
75%
仙台高裁管内酒田簡易裁判所
74%
名古屋高裁管内富山簡易裁判所
74%
仙台高裁管内新庄簡易裁判所
74%
東京高裁管内日立簡易裁判所
74%
東京高裁管内銚子簡易裁判所
74%
大阪高裁管内大阪簡易裁判所
74%
東京高裁管内熊谷簡易裁判所
74%
東京高裁管内長野簡易裁判所
74%
東京高裁管内小田原簡易裁判所
74%
東京高裁管内立川簡易裁判所
74%
東京高裁管内甲府簡易裁判所
74%
東京高裁管内長岡簡易裁判所
74%
札幌高裁管内北見簡易裁判所
74%
仙台高裁管内鶴岡簡易裁判所
73%
福岡高裁管内福岡簡易裁判所
73%
広島高裁管内岡山簡易裁判所
73%
大阪高裁管内大津簡易裁判所
73%
名古屋高裁管内四日市簡易裁判所
72%
札幌高裁管内留萌簡易裁判所
72%
広島高裁管内広島簡易裁判所
72%
名古屋高裁管内豊橋簡易裁判所
72%
札幌高裁管内富良野簡易裁判所
72%
東京高裁管内浜松簡易裁判所
72%
東京高裁管内富士簡易裁判所
72%
福岡高裁管内鹿島簡易裁判所
72%
名古屋高裁管内金沢簡易裁判所
72%
名古屋高裁管内福井簡易裁判所
71%
東京高裁管内松本簡易裁判所
71%
高松高裁管内高知簡易裁判所
71%
大阪高裁管内神戸簡易裁判所
71%
高松高裁管内高松簡易裁判所
71%
仙台高裁管内一関簡易裁判所
71%
仙台高裁管内湯沢簡易裁判所
70%
高松高裁管内徳島簡易裁判所
70%
東京高裁管内藤沢簡易裁判所
70%
東京高裁管内秩父簡易裁判所
70%
東京高裁管内横須賀簡易裁判所
70%
東京高裁管内沼津簡易裁判所
70%
広島高裁管内鳥取簡易裁判所
70%
大阪高裁管内姫路簡易裁判所
70%
名古屋高裁管内岐阜簡易裁判所
70%
仙台高裁管内白河簡易裁判所
70%
高松高裁管内松山簡易裁判所
70%
仙台高裁管内大曲簡易裁判所
70%
名古屋高裁管内一宮簡易裁判所
70%
東京高裁管内伊勢崎簡易裁判所
69%
東京高裁管内さいたま簡易裁判所
69%
東京高裁管内小山簡易裁判所
69%
仙台高裁管内二戸簡易裁判所
69%
仙台高裁管内五所川原簡易裁判所
69%
大阪高裁管内和歌山簡易裁判所
69%
広島高裁管内松江簡易裁判所
69%
福岡高裁管内大分簡易裁判所
69%
東京高裁管内川越簡易裁判所
69%
大阪高裁管内堺簡易裁判所
69%
東京高裁管内町田簡易裁判所
69%
東京高裁管内市川簡易裁判所
68%
名古屋高裁管内高山簡易裁判所
68%
福岡高裁管内長崎簡易裁判所
68%
東京高裁管内相模原簡易裁判所
68%
福岡高裁管内佐賀簡易裁判所
68%
広島高裁管内倉敷簡易裁判所
68%
名古屋高裁管内豊田簡易裁判所
68%
大阪高裁管内奈良簡易裁判所
68%
東京高裁管内川口簡易裁判所
67%
仙台高裁管内むつ簡易裁判所
67%
東京高裁管内太田簡易裁判所
67%
仙台高裁管内横手簡易裁判所
67%
名古屋高裁管内大垣簡易裁判所
67%
仙台高裁管内十和田簡易裁判所
67%
仙台高裁管内能代簡易裁判所
67%
東京高裁管内松戸簡易裁判所
67%
名古屋高裁管内敦賀簡易裁判所
67%
札幌高裁管内岩見沢簡易裁判所
67%
東京高裁管内館山簡易裁判所
67%
東京高裁管内越谷簡易裁判所
67%
東京高裁管内所沢簡易裁判所
67%
福岡高裁管内鹿児島簡易裁判所
66%
東京高裁管内木更津簡易裁判所
66%
仙台高裁管内気仙沼簡易裁判所
66%
福岡高裁管内熊本簡易裁判所
66%
福岡高裁管内小倉簡易裁判所
66%
広島高裁管内福山簡易裁判所
66%
福岡高裁管内宮崎簡易裁判所
66%
東京高裁管内厚木簡易裁判所
66%
名古屋高裁管内高岡簡易裁判所
66%
東京高裁管内栃木簡易裁判所
66%
広島高裁管内山口簡易裁判所
65%
大阪高裁管内宇治簡易裁判所
65%
広島高裁管内出雲簡易裁判所
65%
広島高裁管内下関簡易裁判所
65%
福岡高裁管内佐世保簡易裁判所
65%
東京高裁管内熱海簡易裁判所
65%
東京高裁管内三島簡易裁判所
65%
名古屋高裁管内岡崎簡易裁判所
65%
東京高裁管内桐生簡易裁判所
65%
仙台高裁管内大館簡易裁判所
65%
福岡高裁管内中津簡易裁判所
64%
札幌高裁管内滝川簡易裁判所
64%
東京高裁管内足利簡易裁判所
64%
広島高裁管内米子簡易裁判所
64%
東京高裁管内取手簡易裁判所
64%
仙台高裁管内相馬簡易裁判所
64%
福岡高裁管内久留米簡易裁判所
63%
仙台高裁管内釜石簡易裁判所
63%
札幌高裁管内夕張簡易裁判所
63%
仙台高裁管内久慈簡易裁判所
63%
東京高裁管内糸魚川簡易裁判所
63%
名古屋高裁管内小松簡易裁判所
63%
福岡高裁管内那覇簡易裁判所
63%
大阪高裁管内明石簡易裁判所
63%
札幌高裁管内名寄簡易裁判所
63%
大阪高裁管内福知山簡易裁判所
63%
仙台高裁管内古川簡易裁判所
62%
東京高裁管内上田簡易裁判所
62%
高松高裁管内鳴門簡易裁判所
62%
東京高裁管内飯田簡易裁判所
62%
高松高裁管内今治簡易裁判所
62%
東京高裁管内掛川簡易裁判所
62%
札幌高裁管内紋別簡易裁判所
61%
東京高裁管内古河簡易裁判所
61%
大阪高裁管内彦根簡易裁判所
61%
福岡高裁管内別府簡易裁判所
61%
東京高裁管内諏訪簡易裁判所
60%
大阪高裁管内新宮簡易裁判所
60%
広島高裁管内呉簡易裁判所
60%
福岡高裁管内鳥栖簡易裁判所
60%
広島高裁管内府中簡易裁判所
60%
大阪高裁管内尼崎簡易裁判所
60%
仙台高裁管内大船渡簡易裁判所
60%
高松高裁管内丸亀簡易裁判所
60%
東京高裁管内新発田簡易裁判所
59%
東京高裁管内村上簡易裁判所
59%
東京高裁管内平塚簡易裁判所
59%
大阪高裁管内加古川簡易裁判所
59%
大阪高裁管内西宮簡易裁判所
59%
東京高裁管内柏崎簡易裁判所
59%
広島高裁管内岩国簡易裁判所
59%
東京高裁管内青梅簡易裁判所
59%
大阪高裁管内舞鶴簡易裁判所
59%
東京高裁管内三条簡易裁判所
59%
東京高裁管内大宮簡易裁判所
58%
東京高裁管内本庄簡易裁判所
58%
福岡高裁管内八代簡易裁判所
58%
仙台高裁管内男鹿簡易裁判所
58%
東京高裁管内久喜簡易裁判所
58%
大阪高裁管内豊岡簡易裁判所
57%
福岡高裁管内都城簡易裁判所
57%
福岡高裁管内石垣簡易裁判所
57%
広島高裁管内萩簡易裁判所
56%
広島高裁管内津山簡易裁判所
56%
福岡高裁管内諫早簡易裁判所
56%
福岡高裁管内唐津簡易裁判所
56%
福岡高裁管内延岡簡易裁判所
56%
福岡高裁管内大牟田簡易裁判所
56%
広島高裁管内宇部簡易裁判所
56%
広島高裁管内倉吉簡易裁判所
56%
広島高裁管内浜田簡易裁判所
56%
東京高裁管内佐倉簡易裁判所
56%
仙台高裁管内水沢簡易裁判所
56%
大阪高裁管内長浜簡易裁判所
56%
名古屋高裁管内大野簡易裁判所
55%
高松高裁管内宇和島簡易裁判所
55%
広島高裁管内尾道簡易裁判所
55%
名古屋高裁管内桑名簡易裁判所
55%
大阪高裁管内東大阪簡易裁判所
55%
札幌高裁管内伊達簡易裁判所
55%
東京高裁管内高田簡易裁判所
55%
名古屋高裁管内多治見簡易裁判所
55%
東京高裁管内鎌倉簡易裁判所
55%
札幌高裁管内深川簡易裁判所
54%
名古屋高裁管内尾鷲簡易裁判所
54%
名古屋高裁管内伊賀簡易裁判所
54%
大阪高裁管内佐野簡易裁判所
54%
東京高裁管内清水簡易裁判所
53%
福岡高裁管内川内簡易裁判所
53%
広島高裁管内三次簡易裁判所
53%
名古屋高裁管内砺波簡易裁判所
53%
名古屋高裁管内松阪簡易裁判所
53%
東京高裁管内沼田簡易裁判所
53%
大阪高裁管内枚方簡易裁判所
53%
大阪高裁管内岸和田簡易裁判所
53%
東京高裁管内佐久簡易裁判所
53%
名古屋高裁管内中津川簡易裁判所
53%
大阪高裁管内橋本簡易裁判所
53%
福岡高裁管内阿蘇簡易裁判所
53%
東京高裁管内飯山簡易裁判所
52%
大阪高裁管内豊中簡易裁判所
52%
東京高裁管内佐渡簡易裁判所
52%
名古屋高裁管内七尾簡易裁判所
52%
名古屋高裁管内小浜簡易裁判所
52%
大阪高裁管内亀岡簡易裁判所
52%
福岡高裁管内五島簡易裁判所
51%
札幌高裁管内江差簡易裁判所
51%
福岡高裁管内水俣簡易裁判所
51%
大阪高裁管内田辺簡易裁判所
51%
東京高裁管内富士吉田簡易裁判所
51%
仙台高裁管内角館簡易裁判所
51%
仙台高裁管内遠野簡易裁判所
50%
東京高裁管内下田簡易裁判所
50%
高松高裁管内新居浜簡易裁判所
49%
東京高裁管内飯能簡易裁判所
49%
広島高裁管内新見簡易裁判所
49%
名古屋高裁管内輪島簡易裁判所
49%
仙台高裁管内登米簡易裁判所
49%
大阪高裁管内茨木簡易裁判所
49%
大阪高裁管内吹田簡易裁判所
49%
名古屋高裁管内熊野簡易裁判所
49%
東京高裁管内下館簡易裁判所
49%
福岡高裁管内名護簡易裁判所
49%
福岡高裁管内沖縄簡易裁判所
49%
広島高裁管内周南簡易裁判所
48%
広島高裁管内益田簡易裁判所
48%
東京高裁管内伊那簡易裁判所
48%
仙台高裁管内本荘簡易裁判所
48%
名古屋高裁管内安城簡易裁判所
48%
東京高裁管内館林簡易裁判所
48%
名古屋高裁管内魚津簡易裁判所
48%
大阪高裁管内高島簡易裁判所
48%
福岡高裁管内鹿屋簡易裁判所
48%
名古屋高裁管内春日井簡易裁判所
47%
福岡高裁管内天草簡易裁判所
47%
名古屋高裁管内鈴鹿簡易裁判所
47%
大阪高裁管内吉野簡易裁判所
47%
高松高裁管内阿南簡易裁判所
47%
高松高裁管内西条簡易裁判所
47%
福岡高裁管内大村簡易裁判所
47%
福岡高裁管内指宿簡易裁判所
47%
名古屋高裁管内武生簡易裁判所
46%
名古屋高裁管内瀬戸簡易裁判所
46%
大阪高裁管内御坊簡易裁判所
45%
福岡高裁管内壱岐簡易裁判所
45%
東京高裁管内大町簡易裁判所
45%
東京高裁管内石岡簡易裁判所
45%
福岡高裁管内佐伯簡易裁判所
45%
広島高裁管内東広島簡易裁判所
45%
高松高裁管内安芸簡易裁判所
45%
東京高裁管内島田簡易裁判所
44%
東京高裁管内常陸太田簡易裁判所
44%
福岡高裁管内飯塚簡易裁判所
44%
札幌高裁管内八雲簡易裁判所
44%
東京高裁管内大田原簡易裁判所
44%
東京高裁管内武蔵野簡易裁判所
44%
福岡高裁管内玉名簡易裁判所
43%
広島高裁管内長門簡易裁判所
43%
福岡高裁管内日田簡易裁判所
42%
福岡高裁管内島原簡易裁判所
42%
福岡高裁管内人吉簡易裁判所
42%
名古屋高裁管内犬山簡易裁判所
42%
高松高裁管内観音寺簡易裁判所
42%
名古屋高裁管内半田簡易裁判所
41%
札幌高裁管内遠軽簡易裁判所
41%
福岡高裁管内武雄簡易裁判所
40%
名古屋高裁管内珠洲簡易裁判所
40%
大阪高裁管内甲賀簡易裁判所
40%
東京高裁管内笠間簡易裁判所
40%
札幌高裁管内標津簡易裁判所
40%
福岡高裁管内種子島簡易裁判所
40%
仙台高裁管内野辺地簡易裁判所
40%
東京高裁管内真岡簡易裁判所
40%
高松高裁管内四国中央簡易裁判所
40%
福岡高裁管内日向簡易裁判所
39%
東京高裁管内岡谷簡易裁判所
39%
高松高裁管内八幡浜簡易裁判所
39%
福岡高裁管内出水簡易裁判所
39%
福岡高裁管内行橋簡易裁判所
38%
福岡高裁管内日南簡易裁判所
38%
福岡高裁管内伊万里簡易裁判所
38%
広島高裁管内高梁簡易裁判所
38%
東京高裁管内藤岡簡易裁判所
38%
大阪高裁管内宮津簡易裁判所
37%
高松高裁管内中村簡易裁判所
37%
東京高裁管内新津簡易裁判所
37%
広島高裁管内庄原簡易裁判所
37%
東京高裁管内十日町簡易裁判所
36%
福岡高裁管内屋久島簡易裁判所
36%
名古屋高裁管内郡上簡易裁判所
36%
大阪高裁管内串本簡易裁判所
35%
大阪高裁管内洲本簡易裁判所
35%
大阪高裁管内木津簡易裁判所
35%
福岡高裁管内田川簡易裁判所
35%
福岡高裁管内直方簡易裁判所
35%
名古屋高裁管内津島簡易裁判所
35%
高松高裁管内須崎簡易裁判所
34%
大阪高裁管内篠山簡易裁判所
34%
大阪高裁管内伊丹簡易裁判所
34%
広島高裁管内笠岡簡易裁判所
34%
高松高裁管内大洲簡易裁判所
34%
札幌高裁管内松前簡易裁判所
34%
札幌高裁管内浦河簡易裁判所
33%
大阪高裁管内五條簡易裁判所
33%
仙台高裁管内鹿角簡易裁判所
33%
広島高裁管内防府簡易裁判所
33%
東京高裁管内八丈島簡易裁判所
32%
広島高裁管内柳井簡易裁判所
32%
広島高裁管内雲南簡易裁判所
31%
福岡高裁管内平戸簡易裁判所
31%
高松高裁管内善通寺簡易裁判所
31%
東京高裁管内伊豆大島簡易裁判所
31%
札幌高裁管内静内簡易裁判所
31%
広島高裁管内玉野簡易裁判所
31%
東京高裁管内佐原簡易裁判所
31%
仙台高裁管内大河原簡易裁判所
31%
東京高裁管内東金簡易裁判所
30%
福岡高裁管内荒尾簡易裁判所
30%
札幌高裁管内岩内簡易裁判所
30%
福岡高裁管内柳川簡易裁判所
30%
大阪高裁管内東近江簡易裁判所
30%
東京高裁管内龍ヶ崎簡易裁判所
30%
高松高裁管内吉野川簡易裁判所
30%
広島高裁管内勝山簡易裁判所
30%
大阪高裁管内柏原簡易裁判所
30%
仙台高裁管内長井簡易裁判所
30%
大阪高裁管内富田林簡易裁判所
30%
東京高裁管内都留簡易裁判所
29%
広島高裁管内竹原簡易裁判所
29%
大阪高裁管内園部簡易裁判所
28%
名古屋高裁管内新城簡易裁判所
27%
福岡高裁管内竹田簡易裁判所
27%
大阪高裁管内京丹後簡易裁判所
27%
福岡高裁管内八女簡易裁判所
27%
東京高裁管内下妻簡易裁判所
27%
広島高裁管内大竹簡易裁判所
27%
福岡高裁管内宗像簡易裁判所
27%
福岡高裁管内臼杵簡易裁判所
27%
福岡高裁管内杵築簡易裁判所
26%
仙台高裁管内赤湯簡易裁判所
26%
大阪高裁管内伏見簡易裁判所
26%
福岡高裁管内宇城簡易裁判所
24%
高松高裁管内牟岐簡易裁判所
24%
福岡高裁管内高千穂簡易裁判所
24%
高松高裁管内美馬簡易裁判所
24%
福岡高裁管内名瀬簡易裁判所
24%
東京高裁管内南魚沼簡易裁判所
23%
札幌高裁管内天塩簡易裁判所
23%
福岡高裁管内小林簡易裁判所
23%
福岡高裁管内厳原簡易裁判所
22%
仙台高裁管内田島簡易裁判所
22%
福岡高裁管内山鹿簡易裁判所
22%
仙台高裁管内鰺ヶ沢簡易裁判所
22%
広島高裁管内児島簡易裁判所
21%
福岡高裁管内豊後高田簡易裁判所
21%
大阪高裁管内龍野簡易裁判所
21%
東京高裁管内神奈川簡易裁判所
20%
福岡高裁管内西都簡易裁判所
20%
大阪高裁管内宇陀簡易裁判所
20%
東京高裁管内八日市場簡易裁判所
20%
福岡高裁管内平良簡易裁判所
20%
東京高裁管内中之条簡易裁判所
20%
仙台高裁管内棚倉簡易裁判所
19%
大阪高裁管内湯浅簡易裁判所
19%
福岡高裁管内折尾簡易裁判所
18%
東京高裁管内保土ヶ谷簡易裁判所
18%
仙台高裁管内築館簡易裁判所
18%
福岡高裁管内うきは簡易裁判所
17%
高松高裁管内土庄簡易裁判所
17%
福岡高裁管内徳之島簡易裁判所
17%
大阪高裁管内羽曳野簡易裁判所
17%
福岡高裁管内伊集院簡易裁判所
16%
札幌高裁管内寿都簡易裁判所
16%
福岡高裁管内甘木簡易裁判所
16%
高松高裁管内愛南簡易裁判所
16%
福岡高裁管内大隅簡易裁判所
15%
福岡高裁管内加世田簡易裁判所
15%
東京高裁管内麻生簡易裁判所
14%
福岡高裁管内知覧簡易裁判所
13%
福岡高裁管内大口簡易裁判所
13%
東京高裁管内新島簡易裁判所
13%
東京高裁管内鰍沢簡易裁判所
13%
広島高裁管内玉島簡易裁判所
13%
広島高裁管内西郷簡易裁判所
13%
大阪高裁管内向日町簡易裁判所
12%
大阪高裁管内葛城簡易裁判所
12%
広島高裁管内川本簡易裁判所
12%
札幌高裁管内本別簡易裁判所
12%
大阪高裁管内浜坂簡易裁判所
12%
福岡高裁管内甑島簡易裁判所
12%
札幌高裁管内中頓別簡易裁判所
11%
広島高裁管内可部簡易裁判所
10%
大阪高裁管内社簡易裁判所
10%
東京高裁管内群馬富岡簡易裁判所
9%
大阪高裁管内大阪池田簡易裁判所
9%
福岡高裁管内加治木簡易裁判所
9%
福岡高裁管内牛深簡易裁判所
9%
福岡高裁管内新上五島簡易裁判所
9%
東京高裁管内千葉一宮簡易裁判所
8%
大阪高裁管内右京簡易裁判所
8%
広島高裁管内船木簡易裁判所
7%
仙台高裁管内福島富岡簡易裁判所
7%
名古屋高裁管内御嵩簡易裁判所
7%
大阪高裁管内妙寺簡易裁判所
7%
福岡高裁管内高森簡易裁判所
7%
東京高裁管内木曾福島簡易裁判所
6%
福岡高裁管内上県簡易裁判所
6%
高松高裁管内徳島池田簡易裁判所
6%
福岡高裁管内御船簡易裁判所
5%

Score Distribution

Percentile by Number Answered

Percent of People with Each Score

Your Score History

You have not taken this quiz